| 000 | 00788nam a2200181 a 4500 | ||
|---|---|---|---|
| 040 | _cDLC | ||
| 082 | 0 | 0 | _a338 ACC 1981 C282 Or. |
| 245 | 0 | 0 | _aAccelerating agricultural development / |
| 260 |
_aCollege, Laguna, Philippines : _bSoutheast Asian Regional Center for Graduate Study and Research in Agriculture (SEARCA), _cc1981. |
||
| 300 |
_axiii, 486 p. : _bill. ; _c23 cm. |
||
| 500 | _aPapers from the International Workshop om Accelerating Agricultural Development, held at SEARCA, Los BaƱos, Laguna, Philippines Apr. 26-30, 1976. | ||
| 650 | 0 | _aAgricultural productivity | |
| 650 | 0 | _aAgricultural innovations | |
| 700 | 1 | _aDrilon, J. D. | |
| 700 | 1 | _aSaguiguit, G. F. | |
| 710 | 2 | _aSoutheast Asian Regional Centre for Graduate Study and Research in Agriculture. | |
| 942 | _cAEDBB | ||
| 999 |
_c21483 _d21483 |
||